000
00275nam a2200109Ia 4500
008
200302s9999 xx 000 0 und d
100
_a
Claude Mignot
245
_a
Architecture of the 19th Century
260
_b
Benedikt Taschen Verlag Gmbh
260
_c
1983
300
_a
322 P.,
999
_c
2063
_d
2063